| 000 | 01798nam a2200253Ia 4500 | ||
|---|---|---|---|
| 008 | 260220t1972||||xx |||||||||||||| ||spa|| | ||
| 020 | _a8470174614 | ||
| 040 |
_aPY-SlUNAC _bspa _erda |
||
| 041 | _aspa | ||
| 082 |
_a621 _bC262a |
||
| 100 |
_aCaratini, Koger _eAutor |
||
| 245 | 0 |
_aArgos enciclopedia temática : _barte del ingeniero / _cpor Koger Caratini [Autor] |
|
| 264 |
_aBarcelona : _bArgos S.A., _c℗1972. |
||
| 300 | _a1 volumen | ||
| 520 | _aEl libro "Arte del ingeniero" de Koger Caratini, publicado por Argos S.A. en 1972, explora la intersección entre la ingeniería y el arte, enfatizando la importancia de la creatividad en la resolución de problemas técnicos. A lo largo de sus páginas, Caratini analiza cómo los ingenieros pueden aplicar principios estéticos y artísticos en sus diseños y proyectos, promoviendo una visión holística que trasciende la mera funcionalidad. El autor presenta ejemplos históricos y contemporáneos que ilustran la fusión de estas disciplinas, abogando por un enfoque integrador que favorezca la innovación. Asimismo, el libro aborda la formación del ingeniero moderno, sugiriendo que la educación debe incluir elementos de arte para cultivar una mente más abierta y adaptable. Esta obra se convierte en un recurso valioso tanto para estudiantes como para profesionales que buscan enriquecer su práctica con un entendimiento más profundo de la relación entre técnica y estética, promoviendo una visión del ingeniero como un creador y no solo como un solucionador de problemas. | ||
| 653 | _aArquitectura | ||
| 653 | _aArte | ||
| 653 | _aIngeniería | ||
| 942 |
_b2026/02/17 _cBK |
||
| 999 |
_c8536 _d8536 |
||